000 00338 a2200121 4500
005 20250522145129.0
082 _a320.531 NYE
100 _aNYERERE, J . K .
245 _aUjamaa ni Iman 1: Moyo Kabla ya Silaha
260 _aDar es salaam,
_bEast Africa Publication House,
_c1973.
300 _a71p.: ill.; picture,
_c18cm
942 _2ddc
_cBKS
999 _c2539
_d2539